Normal view
MARC view
- ابراهيم، سفيان ياسين
Entry Personal Name
001 - CONTROL NUMBER
- control field: 60180
003 - CONTROL NUMBER IDENTIFIER
- control field: JO-AjAnu
005 - DATE AND TIME OF LATEST TRANSACTION
- control field: 20230606083833.0
008 - FIXED-LENGTH DATA ELEMENTS
- fixed length control field: 230606|| aca||aabn | a|a d
040 ## - CATALOGING SOURCE
- Original cataloging agency: JO-AjAnu
- Transcribing agency: JO-AjAnu
100 ## - HEADING--PERSONAL NAME
- Personal name: ابراهيم، سفيان ياسين
670 ## - SOURCE DATA FOUND
- Source citation: Work cat.: (JO-AjAnu)30691: ابراهيم، سفيان ياسين, author, تاريخ الإسلام في الشرق